Oratorio / (Record no. 121000)

MARC details
000 -LEADER
campo de control de longitud fija 00767nam a2200229 4500
001 - NÚMERO DE CONTROL
campo de control 121000
003 - IDENTIFICADOR DE NÚMERO DE CONTROL
campo de control ES-MaACL
005 - FECHA Y HORA DE LA ÚLTIMA TRANSACCIÓN
campo de control 20250801090230.0
007 - CAMPO FIJO DE DESCRIPCIÓN FÍSICA--INFORMACIÓN GENERAL
campo de control de longitud fija t|
008 - DATOS DE LONGITUD FIJA--INFORMACIÓN GENERAL
campo de control de longitud fija 070214s1978 sp r ||||1| spa d
020 ## - NÚMERO INTERNACIONAL ESTÁNDAR DEL LIBRO
Número Internacional Estándar del Libro 84-265-7224-3
080 ## - NÚMERO DE LA CLASIFICACIÓN DECIMAL UNIVERSAL
Número de la Clasificación Decimal Universal 860-32"19"
100 1# - ENTRADA PRINCIPAL--NOMBRE DE PERSONA
Nombre de persona Ponce, Fernando.
9 (RLIN) 92938
245 10 - MENCIÓN DEL TÍTULO
Título Oratorio /
Mención de responsabilidad, etc. Fernando Ponce ; prólogo de Eugenio Montes.
260 ## - PUBLICACIÓN, DISTRIBUCIÓN, ETC.
Lugar de publicación, distribución, etc. Madrid :
Nombre del editor, distribuidor, etc. Magisterio Español,
Fecha de publicación, distribución, etc. 1978.
300 ## - DESCRIPCIÓN FÍSICA
Extensión 142 p., 1 lám. ;
Dimensiones 18 cm.
490 1# - MENCIÓN DE SERIE
Mención de serie Novelas y cuentos ;
Designación de volumen o secuencia 223. Literatura española. Narraciones siglo XX
700 1# - ENTRADA AGREGADA--NOMBRE PERSONAL
Nombre de persona Montes, Eugenio,
Fechas asociadas al nombre 1897-1982
9 (RLIN) 227206
830 10 - PUNTO DE ACCESO ADICIONAL DE SERIE-TÍTULO UNIFORME
Título uniforme Novelas y cuentos
Designación de volumen o secuencia 223. Literatura española. Narraciones siglo XX
9 (RLIN) 179596
852 ## - LOCALIZACIÓN
Ubicación ES-MaACL
Número de control de estantería A-9344
Holdings
Estatus retirado Estado de pérdida Estado de daño No para préstamo Biblioteca de origen Biblioteca actual Ubicación en estantería Fecha de adquisición Fuente de adquisición Total de préstamos Signatura topográfica completa Código de barras Visto por última vez Precio de reemplazo Tipo de ítem Koha
        Biblioteca del Ateneo de Madrid Biblioteca del Ateneo de Madrid Depósito 1 17/01/2008     A-9344 1126110 23/02/2023 23/02/2023 Libro impreso